| 000 | 01182nam a2200313 i 4500 | ||
|---|---|---|---|
| 003 | EG-ScBUE | ||
| 005 | 20240813111402.0 | ||
| 008 | 190613s2018 sy f 000 0 ara d | ||
| 020 | _a9789933480981 | ||
| 040 |
_aEG-ScBUE _bara _erda _cEG-ScBUE _dEG-ScBUE |
||
| 041 | 1 |
_aara _hper |
|
| 043 | _aa-ir--- | ||
| 082 | 0 | 4 |
_a955 _bخ ن ح _222 |
| 100 | 1 |
_aخنحي، أمير حسين، _eمؤلف. |
|
| 245 | 1 | 0 |
_aنشأة إيران : _bحضارة إمبراطورية / _cأمير حسين خنحي ؛ ترجمة سامي محمد المرسي. |
| 250 | _aالطبعة الأولى. | ||
| 264 | 1 |
_aدمشق : _bدار نور حوران : _bدار العراب، _c2018. |
|
| 300 |
_a625 صفحة ؛ _c24 سم |
||
| 336 |
_2rdacontent _aنص _btxt |
||
| 337 |
_aبدون وسيط _2rdamedia _bn |
||
| 338 |
_aمجلد _bnc _2rdacarrier |
||
| 541 |
_aMr. Farid Khamis ; _cDonation ; |
||
| 546 | _aالنص باللغة العربية وتم ترجمته من اللغة الفارسية. | ||
| 651 | 7 |
_aإيران _xتاريخ. _2BUEsh |
|
| 653 |
_bGGEN _bBUSBOL _cJune2019 |
||
| 655 | _vReading book | ||
| 700 | 1 |
_aمرسي، سامي محمد، _eمترجم. |
|
| 942 | _2ddc | ||
| 999 |
_c27532 _d27503 |
||